000 00560nam a22001697a 4500
005 20241107144429.0
008 241017b |||||||| |||| 00| 0 eng d
020 _a9789395431767
082 _aDC 512.7 P887 2023
100 _aPratap, Lokmanya Ravindra.
_963105
245 _aNumber theory /
_cLokmanya Ravindra Pratap.
260 _aNew Delhi :
_bVenus Books Publisher and Distributors,
_c©2023.
300 _avii, 264 pages :
_billustratioons ;
_c24 cm.
500 _aIncludes bibliography and index.
650 0 _aNumber theory.
_963760
942 _2ddc
_cDC
999 _c22647
_d22647